00608nam a22002052a 450000100060000000300080000600500170001400800410003103500190007204000370009104100080012808200170013610000320015324500630018526000510024830000340029950400200033365000240035365000250037715080BD-RjUL20211208235739.0140209s1968 nyua 001 0 eng d a(BD-RjUL)15134 aDLCcDLCdUKMdEQOdBD-RjULbeng aeng a001.424bBRI1 aBrabb, George Jacob,d1925-10aIntroduction to quantitative management /cGeorge J. Brabb aNew York :bHolt, Rinehart and Winston,c1968. axv, 576 p. :billus. ;c24 cm aIncludes index. 0aOperations research 0aStatistical decision